OpenGL : (Record no. 8526)

MARC details
000 -LEADER
fixed length control field 00599nam a22002172 4500
001 - CONTROL NUMBER
control field 0000013572
005 - DATE AND TIME OF LATEST TRANSACTION
control field 20151217152126.0
008 - FIXED-LENGTH DATA ELEMENTS--GENERAL INFORMATION
fixed length control field 090924s xx 000 0 eng d
020 ## - INTERNATIONAL STANDARD BOOK NUMBER
International Standard Book Number 0321398114 :
040 ## - CATALOGING SOURCE
Original cataloging agency KABU
Transcribing agency KABU
100 1# - MAIN ENTRY--PERSONAL NAME
Personal name Angel, Edward.
-- 0000171022
245 10 - TITLE STATEMENT
Title OpenGL :
Remainder of title a primer /
Statement of responsibility, etc. Edward Angel.
250 ## - EDITION STATEMENT
Edition statement 3rd ed.
260 ## - PUBLICATION, DISTRIBUTION, ETC. (IMPRINT)
Place of publication, distribution, etc. Boston :
Name of publisher, distributor, etc. Pearson,
Date of publication, distribution, etc. 2008.
300 ## - PHYSICAL DESCRIPTION
Extent xvii, 277 p.
650 #0 - SUBJECT ADDED ENTRY--TOPICAL TERM
Topical term or geographic name as entry element Computer graphics.
-- 0000146527
650 #0 - SUBJECT ADDED ENTRY--TOPICAL TERM
Topical term or geographic name as entry element OpenGL.
-- 0000168310
852 1# - LOCATION
-- p1949 KES
908 ## - PUT COMMAND PARAMETER (RLIN)
Put command parameter 090924
950 ## - LOCAL HOLDINGS (RLIN)
-- 1
Holdings
Withdrawn status Lost status Source of classification or shelving scheme Not for loan Home library Current library Date acquired Total Checkouts Full call number Barcode Date last seen Price effective from Koha item type
    Library of Congress Classification   Kabarak, Main Campus Kabarak, Main Campus 17/12/2015   T385 .A54 2008 c. 1 18143 17/12/2015 17/12/2015 General Collection
Designed with assistance from East African Informatics Ltd